[Event "Ch Yugoslavia (team) (w)"]
[Site "masterchessopen.com Niksic (Yugoslavia)"]
[Round "6"]
[White "Prudnikova Svetlana (SRB)"]
[Black "Matveeva Svetlana (RUS)"]
[Result "1-0"]
[WhiteElo "2385"]
[BlackElo "2470"]

1.Nf3 d5 2.d4 Nf6 3.c4 e6 4.g3 Bb4+ 5.Bd2 Be7 6.Bg2 c6 7.Qb3 Nbd7 8.O-O a5
9.Nc3 O-O 10.Rad1 a4 11.Qc2 a3 12.b3 b5 13.c5 b4 14.Na4 Qa5 15.Ne1 Ba6 16.Nd3
Rab8 17.Rfe1 Bxd3 18.Qxd3 Qb5 19.Qc2 e5 20.dxe5 Nxe5 21.Bf4 Nfd7 22.e4 d4
23.Rxd4 Rb7 24.Red1 g5 25.Bxe5 Nxe5 26.h3 h5 27.f4 Ng6 28.e5 h4 29.Be4 Kg7
30.Bxg6 fxg6 31.Rd6 Bxd6 32.Rxd6 Rf5 33.g4 Rbf7 34.gxf5 Rxf5 35.Qd3 Qxd3
36.Rxd3 gxf4 37.Rd7+ Kh6 38.e6 Re5 39.e7 Kg5 40.Nb6 Kf6 41.Nc8 g5 42.Rd8 Kf7
43.Rf8+ {#r} 1-0

[Event "Ch small European Countries"]
[Site "masterchessopen.com Andorra"]
[Date "2009.06.24"]
[Round "5"]
[White "Borg Andrew (MLT)"]
[Black "Van Hoolandt Patrick (MNC)"]
[Result "0-1"]
[WhiteElo "2103"]
[BlackElo "2233"]

1.Nf3 d5 2.d4 Nf6 3.c4 e6 4.g3 Bb4+ 5.Bd2 a5 6.a3 Bxd2+ 7.Nbxd2 O-O 8.Bg2 b6
9.O-O Bb7 10.Rc1 Na6 11.Ne5 c5 12.cxd5 exd5 13.e3 Re8 14.Re1 Re7 15.Qc2 Rc8
16.Qb1 Ne8 17.Bh3 Rb8 18.Bf5 g6 19.Bh3 Qd6 20.Bg2 Bc8 21.Qa2 Be6 22.Nd3 c4
23.Nf4 b5 24.Nxe6 Rxe6 25.Rcd1 f5 26.Nf3 Nf6 27.Ne5 Kg7 28.Rc1 b4 29.Nxc4 dxc4
30.Rxc4 Ne4 31.axb4 Rxb4 32.Rc8 Qb6 33.Qd5 Nf6 34.Qa8 Nb8 35.Rec1 Re7 36.d5
Ra7 37.Rxb8 Qxb8 38.Qc6 Rb6 39.Qc3 Rxb2 40.g4 Rb1 41.g5 Rxc1+ 42.Qxc1 Nd7
43.f4 a4 44.Qc3+ Kg8 45.d6 Qxd6 46.Qc4+ Kf8 47.Qc8+ Ke7 48.Qg8 Qd1+ 49.Bf1
Qg4+ 50.Kf2 Qh4+ 51.Kg2 Rb7 52.Qg7+ Kd8 53.Qh8+ Kc7 54.Qc3+ Kb8 55.Qh8+ Ka7
56.Qd4+ Nb6 57.Qb4 Qg4+ 58.Kf2 Qd1 59.Bg2 Qc2+ 60.Kg3 Qc4 61.Qb2 Qb3 62.Qe5
Qb4 63.Qe6 Re7 64.Qc6 Qe1+ 65.Kh3 Rxe3+ 66.Bf3 Qf1+ 67.Kh4 {#R} 0-1

[Event "Cup Belgrade 2007 (team)"]
[Site "masterchessopen.com Belgrade (Yugoslavia)"]
[Date "2007.04.12"]
[Round "4"]
[White "Zmijanac Dusko (SRB)"]
[Black "Vuruna Miodrag (SRB)"]
[Result "0-1"]
[WhiteElo "2197"]
[BlackElo "2277"]

1.d4 d5 2.c4 e6 3.Nf3 Nf6 4.g3 Bb4+ 5.Bd2 a5 6.Bg2 Nc6 7.a3 Bxd2+ 8.Nbxd2 O-O
9.Rc1 Bd7 10.O-O a4 11.Qc2 Qb8 12.e4 dxe4 13.Nxe4 Nxe4 14.Qxe4 Re8 15.Rfe1 h6
16.Qf4 Ra5 17.Qd2 Qa7 18.d5 Nd8 19.Ne5 Bc8 20.Re3 f6 21.Nd3 e5 22.Kh1 Nf7
23.f4 Bf5 24.fxe5 Bxd3 25.Qxd3 Rxe5 26.Rxe5 Nxe5 27.Qf5 Qe3 28.Rf1 Ra8 29.Qe6+
Kh8 30.Qe7 Rc8 31.c5 b6 32.d6 cxd6 33.cxd6 Rc1 34.Qe8+ Kh7 35.Qxa4 Nf3 36.Qd1
Rxd1 37.Rxd1 Ne5 38.h3 Qxg3 39.d7 Nf3 {#R} 0-1

[Event "Cup City (open)"]
[Site "masterchessopen.com Uljanovsk (Russia)"]
[Date "2008.11.22"]
[Round "8"]
[White "Naumetov Robert (RUS)"]
[Black "Safronov Victor (RUS)"]
[Result "0-1"]
[WhiteElo "1948"]
[BlackElo "1827"]

1.d4 d5 2.Nf3 Nf6 3.c4 e6 4.g3 Bb4+ 5.Bd2 Bxd2+ 6.Nbxd2 Nc6 7.Bg2 O-O 8.O-O b6
9.Rc1 Bb7 10.Qc2 Nb4 11.Qb1 Qe7 12.a3 Nc6 13.Rfd1 Rad8 14.b4 Ba8 15.Qb2 Rfe8
16.Ne5 Nxe5 17.dxe5 Ng4 18.h3 Nh6 19.g4 Rd7 20.Nf3 f6 21.c5 c6 22.cxb6 axb6
23.Qd4 Rb8 24.Qf4 f5 25.g5 Nf7 26.h4 g6 27.Nd4 Rc8 28.Rc3 Rdc7 29.Rdc1 Qd7
30.Nb3 Ra7 31.Nd4 Rac7 32.Nb5 cxb5 {#R} 0-1

[Event "Cup Croatia (team)"]
[Site "masterchessopen.com Sibenik (Croatia)"]
[Date "2005.06.02"]
[Round "5"]
[White "Kozul Zdenko (CRO)"]
[Black "Hulak Krunoslav (CRO)"]
[Result "1-0"]
[WhiteElo "2576"]
[BlackElo "2507"]

{ Kozul Zdenko (CRO) +11 =7 -3 Hulak Krunoslav (CRO) +5 =13 -10 Kozul Zdenko
(CRO)-Hulak Krunoslav (CRO) +1 =0 -0 } 1.d4 Nf6 2.c4 e6 3.Nf3 d5 4.g3 Bb4+
5.Bd2 Be7 6.Qc2 c6 7.Bg2 b6 8.Bf4 ( 8.O-O Ba6 9.b3 Nbd7 10.Rd1 Rc8 11.Nc3 dxc4
12.e4 h6 13.h4 O-O 14.Bh3 Ra8 15.e5 Nd5 16.bxc4 Bxc4 17.Bxh6 gxh6 18.Ne4 b5
19.Bxe6 Nb4 20.Qc1 fxe6 21.Qxh6 Rxf3 22.Qg6+ Kf8 23.d5 Bxd5 24.Rd4 Nxe5
25.Qh6+ Kg8 26.Qh5 Rf5 { 0-1, Kozul Zdenko 2640 - Palac Mladen 2543 , Celje
2.12.2004 Ch Slovenia (team) } ) 8...O-O 9.O-O Ba6 10.b3 Nbd7 11.Rd1 Rc8
12.Nc3 { = } 12...dxc4 ( 12...Nh5 13.Bc1 Nhf6 14.e4 dxc4 15.Nd2 b5 16.bxc4
bxc4 17.Qa4 Bb5 18.Qc2 Qa5 19.Nf3 h6 20.Bd2 Bb4 21.Rab1 Bxc3 22.Bxc3 Ba4
23.Qd2 Qh5 24.Re1 Rfd8 25.h3 c5 26.g4 Qg6 27.Qe2 cxd4 28.Nxd4 h5 29.e5 hxg4
30.Kh2 gxh3 31.Bf3 Qd3 32.Rbc1 { ...0-1, Van Wely Loek 2714 - Adams Michael
2731 , Wijk aan Zee 2001 It (cat.19) } ) 13.bxc4 ( 13.Nd2 b5 14.bxc4 bxc4
15.Qa4 Bb5 16.Nxb5 cxb5 17.Qxb5 Qb6 18.Qxb6 Nxb6 19.Bb7 Rcd8 20.a4 c3 21.Nb3
Nfd5 22.a5 Nc4 23.Ba6 Nb2 24.Rdc1 Nxf4 25.gxf4 Bb4 26.e3 Rd6 27.Be2 Rc8 28.Rc2
h6 29.a6 g5 30.fxg5 hxg5 31.Nc5 f5 32.Bb5 Rc7 { ...1-0, Delchev Aleksander
2634 - Beliavsky Alexander G 2668 , Moscow 2001 Ch World FIDE (KO-system)
(play-off) } ) ( 13.e4 Bb4 14.Nd2 Qe7 15.Nxc4 Bxc4 16.bxc4 e5 17.dxe5 Nxe5
18.Ne2 Ng6 19.Be3 Ng4 20.Bd4 Rfe8 21.f4 Nf8 22.h3 c5 23.hxg4 cxd4 24.Nxd4 Qc5
25.a3 Bxa3 26.Kh2 Bb4 27.Nf5 Qxc4 28.Qxc4 Rxc4 29.Rxa7 Rcc8 30.e5 Rcd8 31.Bd5
Ne6 32.Bxe6 fxe6 { ...1-0, Van Wely Loek 2714 - Tkachiev Vladislav 2632 ,
Enghien 2001 It (cat.17) } ) 13...Bxc4 14.Nd2 { -0.11 CAP } 14...b5 { N } (
14...Ba6 15.Qa4 Bb7 16.Qxa7 Ba8 17.Rac1 c5 18.dxc5 Bxg2 19.Kxg2 Ra8 20.Qb7
Nxc5 21.Qf3 Ra6 22.Nc4 Qa8 23.Qxa8 Rfxa8 24.Rb1 Nfd7 25.Bd6 Bf6 26.Bxc5 Nxc5
27.Nxb6 Re8 28.Rdc1 h6 29.Rb5 Bd4 30.Rc2 Nd3 31.exd3 Bxb6 32.Ne4 Bd4 33.Rb7
Rd8 34.Kf1 { ...1/2-1/2, Ulko Jaroslav 2454 - Kharitonov Andrei V 2559 , St.
Petersburg 1999 Memorial M.Chigorin (open) } ) ( 14...Bb5 15.Nxb5 cxb5 16.Qd3
b4 17.Qa6 Nh5 18.Qxa7 Nxf4 19.gxf4 Nf6 20.e3 Nd5 21.Rdc1 Nc3 22.Kh1 Re8 23.Qb7
Bh4 24.Qf3 Re7 25.Nb3 f5 26.Rc2 Rec7 27.Rf1 Ra7 28.Nc1 Ra3 29.Rb2 Rc7 30.Rxb4
Ne4 31.Rb2 Rac3 32.Ne2 Rc2 33.Rxc2 Rxc2 34.Ng3 { ...0-1, Computer "Deep Fritz
A1200 " - Computer "Shredder 6 0 A1200 ", Internet 2002 SSDF "Programas Vs
Programas" } ) 15.Nxc4 bxc4 16.e4 Qa5 17.Na4 Nb6 18.Nxb6 axb6 19.Qxc4 b5
20.Qe2 Rfe8 21.Rac1 Ba3 22.Rc2 Qa4 23.h4 h6 24.Rcd2 Bb4 25.Rd3 c5 26.g4 cxd4 {
?! } ( 26...c4 { !? } 27.Rg3 Nh7 28.Rb1 Ba3 { } ) 27.g5 Rc2 28.Qf3 hxg5
29.hxg5 Nh7 30.Rxd4 Nf8 { ? } ( 30...e5 31.Rd8 Rxd8 32.Rxd8+ Nf8 { } ) 31.Bd6
Rc4 32.Bf1 Bxd6 33.Bxc4 bxc4 34.Rxd6 Qxa2 35.Rc6 Qa5 36.Rxc4 Qxg5+ 37.Qg3 Qh5
38.Rdc1 Ng6 39.f3 e5 40.Rc8 Rxc8 41.Rxc8+ Kh7 42.Rc2 Nh4 43.Kf2 f6 44.Qg4 Qh6
{ ? } ( 44...Qxg4 45.fxg4 Ng6 46.g5 Nf4 { } ) 45.Kg3 Qg5 46.Qxg5 fxg5 47.Rc5
Ng6 48.Kg4 Kh6 49.Rc6 { } {#r} 1-0

[Event "Cup Germany (team)"]
[Site "masterchessopen.com Baden-Baden (Germany)"]
[Round "2"]
[White "Giemsa Stephan (GER)"]
[Black "Doettling Fabian (GER)"]
[Result "0-1"]
[WhiteElo "2284"]
[BlackElo "2541"]

1.d4 d5 2.c4 e6 3.Nf3 Nf6 4.g3 Bb4+ 5.Bd2 Be7 6.Bg2 c6 7.Qc2 O-O 8.O-O b6
9.Bf4 Ba6 10.Nbd2 Nbd7 11.Rfd1 Rc8 12.Rac1 Nh5 13.Ne5 Nxf4 14.gxf4 Nxe5
15.dxe5 Bb4 16.b3 f6 17.a3 Bxd2 18.Qxd2 fxe5 19.cxd5 cxd5 20.Rxc8 Qxc8 21.fxe5
Qc5 22.Qe1 Qc2 23.Qd2 Qxb3 24.Rc1 Qxa3 25.e4 dxe4 26.Bxe4 Qe7 27.f4 Bb7
28.Bxb7 Qxb7 29.Qd6 Qf7 30.Rc7 Qg6+ 31.Kh1 {#R} 0-1

[Event "Cup Gold (cat.2)"]
[Site "masterchessopen.com Szombathely (Hungary)"]
[Date "2004.04.23"]
[Round "5"]
[White "Dragomirescu Angela (ROM)"]
[Black "Ignacz Maria (HUN)"]
[Result "1-0"]
[WhiteElo "2232"]
[BlackElo "2153"]

1.d4 Nf6 2.c4 e6 3.g3 d5 4.Nf3 Bb4+ 5.Bd2 Be7 6.Bg2 c6 7.Qc2 O-O 8.O-O b6 9.b3
Ba6 10.Bf4 Nbd7 11.Rd1 Rc8 12.Nc3 dxc4 13.e4 Bb4 14.Nd2 Qe7 15.Nxc4 Bxc4
16.bxc4 e5 17.dxe5 Nxe5 18.a3 Bd6 19.Ne2 Bc5 20.h3 Rcd8 21.Qc3 Ned7 22.e5 Nh5
23.Bxc6 Qe6 24.Bg2 Rde8 25.Nd4 Bxd4 26.Rxd4 Nxf4 27.gxf4 Nc5 28.Qg3 Rd8 29.Bd5
Qf5 30.Rad1 Rd7 31.Kh2 Rfd8 32.Rg1 g6 33.Qh4 b5 34.Rg5 Qc2 35.f5 bxc4 36.fxg6
hxg6 37.Rxc4 Qd3 38.Rd4 Qc2 39.Bxf7+ Kxf7 40.Qh7+ Ke8 41.Qh8+ Ke7 42.Qf6+ Ke8
43.Rxg6 Qa2 44.Qh8+ Ke7 45.Rg7+ Ke6 46.Qh6+ Kxe5 47.Qf4+ Ke6 48.Qg4+ Ke5
49.Qf4+ Ke6 50.Qg4+ Ke5 51.Rg5+ Kf6 52.Qf5+ Ke7 53.Qxc5+ Rd6 54.Qe5+ Qe6
55.Qxe6+ Rxe6 56.Rg7+ Kf6 57.Rxd8 Kxg7 58.Rd7+ {#r} 1-0

[Event "Cup HDBank (open)"]
[Site "masterchessopen.com Ho Chi Minh City (Vietnam)"]
[Date "2011.01.05"]
[Round "3"]
[White "Nguyen Duc Viet (VIE)"]
[Black "Fernandez Daniel Howard (SIN)"]
[Result "0-1"]
[WhiteElo "2099"]
[BlackElo "2344"]

1.d4 Nf6 2.c4 e6 3.Nf3 d5 4.g3 c6 5.Bg2 Bb4+ 6.Bd2 Be7 7.b3 Ne4 8.Nc3 Nxd2
9.Qxd2 O-O 10.O-O Nd7 11.e4 dxc4 12.bxc4 Qc7 13.Rfd1 Rd8 14.Qc2 e5 15.d5 Nc5
16.Ne1 Bg4 17.Rdc1 Qa5 18.Nd3 Nxd3 19.Qxd3 Ba3 20.Rcb1 Rab8 21.Rb3 Bc5 22.Bf3
Bd7 23.Kg2 b5 24.cxb5 cxb5 25.Be2 Bd4 26.Rc1 b4 27.Nd1 Qxa2 28.Ne3 Ba4 29.Rbb1
Bb5 30.Nc4 a5 31.Qf3 Rf8 32.Bd3 b3 33.Nd6 Bxd3 34.Qxd3 Qxf2+ 35.Kh3 a4 36.Nf5
g6 37.Rf1 Qc2 38.Ne7+ Kg7 39.Qa6 Rb6 40.Qxa4 Qxe4 41.Rxb3 h5 42.Rff3 Rxb3
43.Qxb3 Qg4+ 44.Kg2 e4 45.Rf4 Qe2+ 46.Kh1 Ra8 47.Rxf7+ Kxf7 48.d6+ Kg7 {#R}
0-1

[Event "Cup Heroes Day (candidates)"]
[Site "masterchessopen.com Bridgetown (Barbados)"]
[Date "2009.04.27"]
[Round "1"]
[White "Brown Equitable (JAM)"]
[Black "Gilkes Dwayne (BAR)"]
[Result "1-0"]
[WhiteElo "2161"]
[BlackElo "1888"]

1.d4 Nf6 2.Nf3 e6 3.c4 d5 4.g3 Bb4+ 5.Bd2 Bxd2+ 6.Nbxd2 O-O 7.Bg2 Re8 8.O-O
Nbd7 9.Qc2 c6 10.Rfd1 Qe7 11.e4 dxe4 12.Nxe4 Nf8 13.c5 Nxe4 14.Qxe4 Ng6 15.Re1
Qf6 16.h4 h6 17.Rad1 Rd8 18.Ne5 Ne7 19.Ng4 Qg6 20.Qe2 Nd5 21.h5 Qxh5 22.Bf3
Qg5 23.Ne5 Bd7 24.Nc4 b6 25.Nd6 bxc5 26.dxc5 Rab8 27.a3 Qf6 28.Rd2 Rb3 29.Be4
Rdb8 30.Nc4 R8b5 31.Bc2 Rf3 32.Ne5 Rxg3+ 33.fxg3 Be8 34.Qe4 Qg5 35.Rf2 Qxg3+
36.Rg2 Qf4 37.Qh7+ Kf8 38.Qxg7+ {#r} 1-0

[Event "Cup Mayors (open)"]
[Site "masterchessopen.com Mumbai (India)"]
[Date "2008.05.19"]
[Round "11"]
[White "Koneru Humpy (IND)"]
[Black "Thejkumar M S (IND)"]
[Result "1-0"]
[WhiteElo "2618"]
[BlackElo "2441"]

{ Koneru Humpy (IND) +3 =1 -1 Thejkumar M S (IND) +1 =0 -1 } 1.d4 d5 2.Nf3 Nf6
3.c4 e6 4.g3 Bb4+ 5.Bd2 Be7 ( 5...a5 6.Bg2 dxc4 7.O-O O-O 8.Qc2 b5 9.a4 c6
10.axb5 Bxd2 11.Nfxd2 Nd5 12.Qxc4 cxb5 13.Qxb5 Bd7 14.Qd3 Nc6 15.Nc4 Ncb4
16.Qd2 Bb5 17.Nba3 Ba6 18.Rfc1 f5 19.e3 Bb7 20.Ne5 Qe7 21.Nac4 Qd8 22.Ra3 a4
23.Qd1 Qe7 24.Rxa4 Rxa4 25.Qxa4 { ...1-0, Vidit Santosh Gujrathi 2319 -
Thejkumar M S 2382 , Chennai 14. 2.2008 Ch India } ) 6.Bg2 c6 7.Qc2 O-O 8.O-O
b6 9.Rd1 Ba6 { = } 10.Ne5 ( 10.b3 Nbd7 11.Bf4 Rc8 12.Nc3 c5 13.cxd5 Nxd5
14.Nxd5 exd5 15.dxc5 Rxc5 16.Qd2 Nf6 17.Be5 Qd7 18.Bd4 Rc7 19.Rac1 Rxc1
20.Rxc1 Rc8 21.Ne5 Qe6 22.Rxc8+ Qxc8 23.Nd3 Ne4 24.Qb2 Bxd3 25.exd3 Nf6 26.h3
h6 27.b4 Qe6 28.Qc3 Ne8 29.a4 Bf6 { ...1-0, Kramnik Vladimir 2770 - Adams
Michael 2755 , Wijk aan Zee 2000 It (cat.18) } ) 10...Nfd7 11.cxd5 ( 11.Nxd7
Nxd7 12.b3 Rc8 13.Bf4 Nf6 14.Nd2 c5 15.e3 cxd4 16.exd4 Bb4 17.Qb2 dxc4 18.Nxc4
Nd5 19.Rac1 Nxf4 20.gxf4 Bxc4 21.bxc4 Bd6 22.f5 Qh4 23.h3 exf5 24.Qb5 Qf6
25.c5 Bf4 26.Rc4 Bc7 27.c6 Rfe8 28.d5 Rcd8 29.Qa4 a5 30.Qc2 g6 { ...0-1,
Bareev Evgeny 2653 - Nakamura Hikaru 2648 , Bastia 30.10.2007 It "Corsica
Masters" (KO-system) } ) ( 11.b3 Nxe5 12.dxe5 Nd7 13.Bc3 Qc7 14.cxd5 cxd5
15.Qb2 Rac8 16.a4 Qb8 17.e4 Nc5 18.exd5 exd5 19.Bxd5 Rfd8 20.b4 Bc4 21.bxc5
Bxd5 22.cxb6 Ba8 23.Rxd8+ Rxd8 24.Nd2 Qb7 25.f3 Bc5+ 26.Kf1 Rxd2 27.Qxd2 Qxf3+
28.Ke1 Qh1+ 29.Ke2 Qf3+ 30.Ke1 Bd5 { ...0-1, El Debs Felipe De Cresce 2325 -
Leitao Rafael 2601 , Sao Paulo 19.11.2006 It (cat.10) } ) 11...cxd5 (
11...Nxe5 12.dxe5 cxd5 13.Bf4 Bb7 14.Nc3 Nc6 15.h4 Rc8 16.e4 d4 17.Qe2 Qe8
18.Nb5 Bc5 19.a3 Rd8 20.b4 Be7 21.Qb2 d3 22.Bg5 f6 23.exf6 Bxf6 24.Bxf6 gxf6
25.Rac1 Rf7 26.f4 Rg7 27.Qxf6 Rxg3 28.Nc7 Qh5 29.Qxe6+ Kh8 30.Qf6+ Kg8 31.Rd2
{ ...1/2-1/2, Rahman Ziaur 2570 - Roktim Bandyopadhyay 2380 , Dhaka 14. 4.2005
It (open) } ) 12.Bf4 ( 12.e4 Nxe5 13.exd5 Nd3 14.d6 Qxd6 15.Bxa8 Rc8 16.Bc3
Nc6 17.Bxc6 Qxc6 18.Rxd3 Qe4 19.Nd2 Bxd3 20.Nxe4 Bxc2 21.f3 f6 22.Kf2 Kf7
23.Rc1 Ba4 24.Bd2 Rxc1 25.Bxc1 g5 26.Bd2 Bc6 27.a3 a5 28.b4 Bd8 29.bxa5 bxa5
30.Nd6+ Ke7 31.Nc4 Bd5 { ...1/2-1/2, Llanes Hurtado Miguel 2435 - Sargissian
Gabriel 2667 , San Sebastian 14. 9.2006 Ch Spain (team) (Honor gr.2) } ) (
12.Nc3 Nxe5 13.dxe5 Bb7 14.Nb5 Nc6 15.Bc3 Rc8 16.e4 a6 17.exd5 Nb4 18.Qb3 Nxd5
19.Nd4 Qc7 20.Rac1 Bc5 21.Nf3 Nxc3 22.Qxc3 Bd5 23.Nd4 Bxg2 24.Kxg2 Qb7+ 25.Qf3
Qxf3+ 26.Kxf3 Rfd8 27.Nb3 Rxd1 28.Rxd1 Bf8 29.Rc1 Rxc1 30.Nxc1 f6 31.Nd3 Kf7 {
...1/2-1/2, Ivanov Sergey 2184 - Tkachiev Vladislav 2609 , Moscow 21. 2.2004
It (open) "Aeroflot" } ) 12...Nxe5 ( 12...Bb7 13.Nc3 Nxe5 14.dxe5 Nc6 15.h4
Rc8 16.Rac1 a6 17.Qb1 Qe8 18.Rc2 b5 19.a3 b4 20.axb4 Nxb4 21.Rcc1 Bc5 22.Na2
Nxa2 23.Qxa2 Qb5 24.e3 a5 25.h5 h6 26.Rc2 Ba7 27.Rdc1 d4 28.Bxb7 Rxc2 29.Rxc2
dxe3 30.Bxe3 Bxe3 31.Bc6 Qxe5 32.Kg2 { ...1/2-1/2, Lastin Alexander 2585 -
Tkachiev Vladislav 2629 , Sochi 23. 4.2005 Ch Russia (club) } ) 13.dxe5 (
13.Bxe5 Bb7 14.Nc3 Nc6 15.e4 Nb4 16.Qb1 dxe4 17.Bxe4 Bxe4 18.Qxe4 Nd5 19.Rac1
Rc8 20.Nxd5 Qxd5 21.Qxd5 exd5 22.Bc7 Rfe8 23.h4 h5 24.Kf1 Kh7 25.Re1 Bf6
26.Rxe8 Rxe8 27.Be5 Kg6 28.Bxf6 Kxf6 29.Rc7 Re7 30.Rc3 { 1/2-1/2, Murdzia
Piotr 2430 - Kosten Anthony C 2510 , Velden 1994 It (open) } ) 13...g5 { -0.04
CAP N } ( 13...Bb7 14.h4 Nc6 15.Nc3 Rc8 16.Rac1 a6 17.Qb1 Qe8 18.Na4 Bd8 19.b3
Bc7 20.Be3 Nxe5 21.Bxb6 Bxb6 { 1/2-1/2, Damljanovic Branko 2608 - Roiz Michael
2630 , Valjevo 15. 6.2007 It (cat.15) } ) ( 13...Qd7 14.Nc3 Nc6 15.Bxd5 exd5
16.Nxd5 Qg4 17.Qxc6 Bc5 18.Nc3 Bxe2 19.Nxe2 Qxe2 20.Rd2 Qg4 21.Qd7 Qg6 22.a3
a5 23.Re1 Rae8 24.Kg2 h6 25.h4 Re6 26.Qd5 Rfe8 27.Rde2 Be7 28.Rh1 Rc8 29.Qf3
h5 30.Rd1 Rc4 31.b3 Rc8 32.a4 Rec6 33.Re3 { ...1-0, Bogdanovski Vlatko 2449 -
Mitkov Nikola 2534 , Gevgelija 2002 Ch Macedonia } ) ( 13...Qc8 14.Nc3 Nc6
15.Rac1 Bb7 16.Qa4 a6 17.Nxd5 exd5 18.Bxd5 Rd8 19.Qe4 Rxd5 20.Qxd5 Bc5 21.Qd7
a5 22.Be3 Bxe3 23.fxe3 h6 24.Rd6 Rb8 25.Rcxc6 Qxd7 26.Rxd7 Bxc6 27.Rd6 Bb5
28.Kf2 Bc4 29.a3 Be6 30.b4 g5 31.h4 axb4 32.axb4 b5 33.Rc6 { ...0-1, Ovetchkin
Roman 2473 - Grischuk Alexander 2704 , Internet 28.12.2004 Cup Russia "Chess
Planet" (final) (blitz) } ) 14.Be3 Nd7 15.Bd4 Rc8 16.Nc3 Qc7 17.e4 dxe4
18.Qxe4 Rfd8 19.Qe3 Nc5 20.Rd2 Nd3 21.Rad1 { ? } ( { ? } 21.Be4 Nb4 22.Qf3 h6
23.Qh5 Kg7 24.h4 Bd3 25.Bxd3 Rxd4 26.Nb5 Qxe5 27.Nxd4 Qxd4 28.Qe2 { } )
21...Rxd4 { ? } ( 21...Nxb2 22.Rxb2 Qxc3 23.Rbb1 Qxe3 24.Bxe3 Kg7 25.Be4 Be2
26.Rxd8 Rxd8 27.Rc1 Rd1+ 28.Rxd1 Bxd1 { } ) 22.Qxd4 Bc5 23.Qa4 Nxf2 24.Rxf2
Bxf2+ 25.Kxf2 Bc4 26.Qd7 Qc5+ 27.Qd4 Rb8 { } {#r} 1-0

[Event "Cup Mayors (open)"]
[Site "masterchessopen.com Mumbai (India)"]
[Date "2011.09.19"]
[Round "5"]
[White "Deshpande Aniruddha (IND)"]
[Black "Sethuraman S P (IND)"]
[Result "0-1"]
[WhiteElo "2228"]
[BlackElo "2529"]

1.d4 d5 2.Nf3 Nf6 3.c4 e6 4.g3 Bb4+ 5.Bd2 Be7 6.Bg2 c6 7.Qc2 b6 8.Bf4 O-O
9.O-O Ba6 10.Ne5 Nfd7 11.cxd5 cxd5 12.Nf3 b5 13.e4 b4 14.Re1 Bb7 15.Nbd2 Qb6
16.Rad1 h6 17.Qd3 Nf6 18.Ne5 Nc6 19.Nxc6 Bxc6 20.e5 Nd7 21.Bf1 Rfc8 22.Rc1 a6
23.Be3 Bb5 24.Qb1 Bxf1 25.Kxf1 Qb5+ 26.Kg2 Nb6 27.b3 a5 28.Rxc8+ Rxc8 29.Rc1
Rc3 30.Nf1 Qe2 31.Bd2 Rxc1 32.Bxc1 Qd1 33.Qb2 Qd3 34.Be3 a4 35.Qd2 Qe4+ 36.Kg1
Qb1 37.Qe2 axb3 38.axb3 Qxb3 39.Nd2 Qc2 40.Qg4 b3 41.Bxh6 Qg6 42.Qd1 b2 43.Qb3
Nc4 {#R} 0-1

[Event "Cup Melbourne (open)"]
[Site "masterchessopen.com Melbourne (Australia)"]
[Round "5"]
[White "Cheng Bobby (AUS)"]
[Black "Voon Richard (AUS)"]
[Result "1-0"]
[WhiteElo "2323"]
[BlackElo "1886"]

1.d4 d5 2.c4 e6 3.Nf3 Nf6 4.g3 Bb4+ 5.Bd2 Be7 6.Bg2 O-O 7.Qc2 c6 8.O-O Nbd7
9.Bf4 Ne4 10.Nc3 Ndf6 11.Ne5 Nxc3 12.Qxc3 Ne4 13.Qc2 Nd6 14.c5 Ne8 15.b4 f6
16.Nd3 Bd7 17.e4 dxe4 18.Bxe4 f5 19.Bg2 Nf6 20.Rfb1 Nd5 21.Be5 g5 22.a4 Qe8
23.Qd2 Qf7 24.Kh1 h6 25.b5 Kh7 26.Nb4 Qe8 27.bxc6 Bxc6 28.Nxc6 bxc6 29.Rb7 Rf7
30.Rab1 a5 31.Bf3 g4 32.Bxd5 exd5 33.R1b6 Kg6 34.Rc7 Rc8 35.Rbxc6+ Qxc6
36.Rxc6+ Rxc6 37.Qxa5 Bf6 38.Qa8 Re6 39.Qxd5 Rfe7 40.Bd6 Re1+ 41.Kg2 Re8
42.Qc6 R1e6 43.d5 Re2 44.a5 Kh5 45.Be5 R8xe5 46.Qxf6 {#r} 1-0

[Event "Cup Mitropa"]
[Site "masterchessopen.com Szeged (Hungary)"]
[Date "2007.05.13"]
[Round "6"]
[White "Saric Ante (CRO)"]
[Black "Bernasek Jan (CZE)"]
[Result "1-0"]
[WhiteElo "2441"]
[BlackElo "2530"]

{ Saric Ante (CRO) +2 =5 -0 Bernasek Jan (CZE) +0 =4 -4 } 1.d4 Nf6 2.c4 e6
3.Nf3 d5 4.g3 Bb4+ 5.Bd2 a5 6.Qc2 { ?/= } 6...c5 ( 6...c6 7.Bg2 b6 8.O-O O-O
9.Bf4 Ba6 10.c5 a4 11.Bd6 Re8 12.Qxa4 bxc5 13.Bxc5 Bxc5 14.dxc5 Nbd7 15.Qc2
Ne4 16.Nbd2 Nxd2 17.Qxd2 Nxc5 18.Rfc1 Ne4 19.Qe3 Qf6 20.Rc2 Reb8 21.Rb1 Nd6
22.b3 Nb5 23.Rd1 Bb7 24.Ne5 d4 25.Qf4 Qxf4 26.gxf4 { ...1/2-1/2, Vaulin
Alexander 2530 - Aleksandrov Aleksej 2660 , Sochi 1997 Cup Russia (final) } )
7.cxd5 cxd4 8.Bg2 ( 8.Nxd4 O-O 9.Bg2 Qb6 10.e3 exd5 11.O-O Nc6 12.Nxc6 bxc6
13.Rc1 Ne4 14.Bxb4 { 1/2-1/2, Banikas Hristos 2515 - Eingorn Vereslav S 2604 ,
Halkidiki 2002 Cup European Club (final) } ) 8...O-O 9.Nxd4 Qb6 10.e3 (
10.Bxb4 axb4 11.e3 exd5 12.Nd2 Bd7 13.O-O Rc8 14.Qd3 Nc6 15.N2f3 Na5 16.Ne5
Be8 17.Qf5 Nc4 18.Ng4 Nxg4 19.Qxg4 Nxb2 20.Bxd5 Rd8 21.Bg2 g6 22.Qe4 Na4
23.Qxb7 Qxb7 24.Bxb7 Ra7 25.Bf3 Nc3 26.Rfc1 Nxa2 27.Rc7 { 1/2-1/2, Tregubov
Pavel V 2583 - Bocharov Dmitry 2592 , Moscow 18. 2.2005 It (open) "Aeroflot" }
) ( 10.Nf3 exd5 11.O-O Nc6 12.Bg5 Be7 13.Nc3 Rd8 14.Rac1 Be6 15.Qb1 a4 16.h3
h6 17.Bxf6 Bxf6 18.e3 g6 19.Qc2 a3 20.b3 Bf5 21.Nxd5 Rxd5 22.e4 Nb4 23.Qc4 Rc8
{ 0-1, Sukharisingh Ralf 2400 - Epishin Vladimir 2620 , Groningen 1996 It
(open) } ) 10...exd5 ( 10...e5 11.Ne2 Bg4 12.Nbc3 Rc8 13.Qd1 Nbd7 14.h3 Bh5
15.O-O Nc5 16.g4 Bg6 17.Ng3 Rd8 18.g5 Bxc3 19.Bxc3 Nfe4 20.Bxe5 Nxg3 21.Bxg3
Be4 22.d6 Bxg2 23.Kxg2 Ne4 24.Qd4 Qxd4 25.exd4 Nxg3 26.fxg3 Rxd6 27.Rad1 h6
28.gxh6 Rxh6 29.h4 Rb6 30.Rd2 { ...1-0, Tukmakov Vladimir B 2582 - Kachiani-G
Ketino 2448 , Lenk 2000 It (open) } ) 11.O-O Nc6 { +0.15 CAP } 12.Bc3 { N } (
12.Nxc6 bxc6 13.Bc3 Ne4 14.a3 Bxc3 15.Nxc3 Nxc3 16.Qxc3 Be6 17.Rfd1 { 1/2-1/2,
Krivoshey Sergei 2535 - Delchev Aleksander 2669 , Tarragona 26. 8.2005 It
(open) } ) 12...Bxc3 13.bxc3 Bg4 14.Qb3 Qxb3 15.axb3 Rfc8 16.Nxc6 Rxc6 17.c4
Rc5 18.Nd2 dxc4 19.Nxc4 Be6 20.Bxb7 Ra7 21.Bg2 a4 22.Rfd1 g6 23.Bf1 Rcc7 { ?!
} ( 23...Bxc4 { !? } 24.Bxc4 a3 25.Ra2 Kg7 26.Rda1 Rca5 27.f3 Ra8 28.e4 R5a7 {
} ) 24.Rxa4 Rxa4 25.bxa4 Rxc4 26.Bxc4 Bxc4 27.a5 Kf8 28.a6 Be2 29.a7 Bxd1
30.a8=Q+ Kg7 31.Qa1 Bf3 32.Qe5 h6 33.h4 { } {#r} 1-0

[Event "Cup RGSU (students) (w)"]
[Site "masterchessopen.com Moscow (Russia)"]
[Date "2012.02.05"]
[Round "9"]
[White "Drozdova Dina (RUS)"]
[Black "Batsiashvili Nino (GEO)"]
[Result "0-1"]
[WhiteElo "2242"]
[BlackElo "2426"]

1.d4 d5 2.c4 e6 3.Nf3 Nf6 4.g3 Bb4+ 5.Bd2 Be7 6.Bg2 c6 7.Qc2 Nbd7 8.O-O O-O
9.Nc3 Nb6 10.c5 Nc4 11.Bf4 b6 12.b3 Na3 13.Qc1 bxc5 14.dxc5 Qa5 15.Na4 Nb5
16.Ne5 Bb7 17.g4 Qd8 18.Bg5 Nd7 19.Bxe7 Qxe7 20.Nxd7 Qxd7 21.f4 e5 22.h3 Ba6
23.Qd2 exf4 24.Rxf4 Rae8 25.Re1 Re7 26.e4 Rfe8 27.Rd1 d4 28.Bf1 Qc7 29.Re1 Bc8
30.Bd3 Nc3 31.Nxc3 dxc3 32.Qf2 Rd8 33.Rf3 Be6 34.Rc1 Qe5 35.Kf1 Red7 36.Ke2 a5
37.Rc2 a4 38.Qg3 Qxc5 39.Qe1 axb3 40.Rxc3 Qe5 41.axb3 c5 42.Kf2 Qh2+ 43.Ke3 g6
44.Bb5 Rd1 45.Qe2 Qe5 46.Rd3 R1xd3+ 47.Bxd3 Bxb3 48.Kf2 c4 49.Bb1 Bd1 {#R} 0-1

[Event "Cup Russia (open)"]
[Site "masterchessopen.com Krasnodar (Russia)"]
[Round "2"]
[White "Mchedlishvili Mikheil (GEO)"]
[Black "Vlasenko Alexey (RUS)"]
[Result "1-0"]
[WhiteElo "2390"]
[BlackElo "2352"]

1.d4 Nf6 2.Nf3 e6 3.c4 d5 4.g3 Bb4+ 5.Bd2 Bxd2+ 6.Nbxd2 O-O 7.Bg2 Nbd7 8.O-O
c5 9.cxd5 exd5 10.dxc5 Nxc5 11.Nb3 b6 12.Rc1 Nxb3 13.Qxb3 Qe7 14.Nd4 Bb7
15.Rc2 Rac8 16.Rfc1 Rxc2 17.Rxc2 Ne4 18.Qe3 Qd7 19.Qf4 Qa4 20.Bxe4 dxe4 21.Qd6
e3 22.f3 Qxa2 23.Rc7 Bc8 24.Qa3 Qxa3 25.bxa3 Bh3 26.Nc2 Ra8 27.g4 h5 28.Nxe3
hxg4 29.fxg4 g6 30.Kf2 f5 31.g5 f4 32.Nd5 Kf8 33.Rh7 Be6 34.Nxf4 Kg8 35.Rh6
Bf5 36.Nxg6 Bxg6 37.Rxg6+ Kf7 38.Rf6+ Kg7 39.h4 {#r} 1-0

[Event "Cup Russia (open)"]
[Site "masterchessopen.com Tomsk (Russia)"]
[Round "9"]
[White "Oroudzhov Anar (RUS)"]
[Black "Yakovlev Mikhail (RUS)"]
[Result "0-1"]
[WhiteElo "2102"]
[BlackElo "2255"]

1.d4 Nf6 2.Nf3 e6 3.c4 d5 4.g3 Bb4+ 5.Bd2 Be7 6.Bg2 O-O 7.Nc3 Ne4 8.O-O Nxd2
9.Qxd2 b6 10.Rac1 Bb7 11.cxd5 exd5 12.Nb5 c6 13.Nc3 Nd7 14.Rfd1 Nf6 15.Ne5 Rc8
16.e3 Re8 17.Nd3 Bd6 18.a4 h5 19.h4 Ng4 20.Ne2 g5 21.hxg5 Qxg5 22.Ndf4 h4
23.Nh3 Qf6 24.gxh4 Qxh4 25.Nef4 Ba6 26.Nd3 Re6 27.Rc3 Rg6 28.Kf1 Nh2+ 29.Ke1
Rxg2 {#R} 0-1